Statistics for NFL Team's Best Player NOT in the Pro Football Hall of Fame

Click here to take the quiz!

General Stats

  • This quiz has been taken 50 times
  • The average score is 14 of 32

Answer Stats

HintAnswerPosition% Correct
Carolina PanthersSteve SmithWR
85%
Kansas City ChiefsAlex SmithQB
83%
Denver BroncosRod SmithWR
80%
Houston TexansAndre JohnsonWR
76%
Cincinnati BengalsKen AndersonQB
67%
Tennessee TitansSteve McNairQB
65%
Minnesota VikingsGary AndersonK
63%
Arizona CardinalsOttis AndersonRB
63%
Seattle SeahawksShaun AlexanderRB
59%
Baltimore RavensJamal LewisRB
57%
Jacksonville JaguarsMark BrunellQB
57%
Indianapolis ColtsReggie WayneWR
54%
New Orleans SaintsArchie ManningQB
52%
Philadelphia EaglesRandall CunninghamQB
52%
Tampa Bay BuccaneersMike AlstottFB
48%
San Francisco 49ersRoger CraigRB
48%
Buffalo BillsMarv LevyCoach
46%
Pittsburgh SteelersHeath MillerTE
43%
Miami DolphinsZach ThomasLB
43%
Detroit LionsHerman MooreWR
37%
New England PatriotsRodney HarrisonS
37%
Green Bay PackersSterling SharpeWR
35%
Los Angeles RamsRoman GabrielQB
30%
Cleveland BrownsClay MatthewsLB
22%
Las Vegas RaidersLester HayesCB
20%
Washington CommandersGary ClarkWR
13%
Chicago BearsSteve McMichaelDT
11%
Dallas CowboysChuck HowleyLB
9%
Atlanta FalconsTommy NobisLB
9%
Los Angeles ChargersLeslie O'NealDE-LB
7%
New York GiantsDavid Tyree (Take that Brady)WR/ST
4%
New York JetsVinny TesterverdeQB
0%

Score Distribution

Percentile by Number Answered

Percent of People with Each Score

Your Score History

You have not taken this quiz